a kids book about therapy / (Record no. 203885)

MARC details
000 -LEADER
fixed length control field 01451nam a2200325 ia4500
003 - CONTROL NUMBER IDENTIFIER
control field OSt
005 - DATE AND TIME OF LATEST TRANSACTION
control field 20260416124514.0
008 - FIXED-LENGTH DATA ELEMENTS--GENERAL INFORMATION
fixed length control field 226041s2025 nyu jrb 000 0 eng d
020 ## - INTERNATIONAL STANDARD BOOK NUMBER
International Standard Book Number 9780241743492
Terms of availability RM 98.90
Qualifying information hardback
040 ## - CATALOGING SOURCE
Original cataloging agency PPAK
Language of cataloging eng
Transcribing agency PPAK
Description conventions rda
082 04 - DEWEY DECIMAL CLASSIFICATION NUMBER
Edition number 23
Classification number 616.8914
090 00 - LOCALLY ASSIGNED LC-TYPE CALL NUMBER (OCLC); LOCAL CALL NUMBER (RLIN)
Classification number (OCLC) (R) ; Classification number, CALL (RLIN) (NR) 616.8914
Feature heading BRE
Feature heading K
100 1# - MAIN ENTRY--PERSONAL NAME
Personal name Brenner, Sara,
Relator term author.
245 10 - TITLE STATEMENT
Title a kids book about therapy /
Statement of responsibility, etc. by Sara Brenner, LCSW
246 30 - VARYING FORM OF TITLE
Title proper/short title Therapy
250 ## - EDITION STATEMENT
Edition statement First American edition
264 #1 - PRODUCTION, PUBLICATION, DISTRIBUTION, MANUFACTURE, AND COPYRIGHT NOTICE
Place of production, publication, distribution, manufacture New York, NY :
Name of producer, publisher, distributor, manufacturer DK Publishing,
Date of production, publication, distribution, manufacture, or copyright notice [2025]
300 ## - PHYSICAL DESCRIPTION
Extent 1 volume (unpaged) :
Other physical details colour illustrations ;
Dimensions 26 cm
336 ## - CONTENT TYPE
Content type term text
Source rdacontent
337 ## - MEDIA TYPE
Media type term unmediated
Source rdamedia
338 ## - CARRIER TYPE
Carrier type term volume
Source rdacarrier
490 1# - SERIES STATEMENT
Series statement a kids book about
520 ## - SUMMARY, ETC.
Summary, etc. Psychotherapy, or talk therapy, is a collaborative, research-based treatment where a trained professional helps individuals manage mental health conditions, trauma, and emotional difficulties. It focuses on addressing underlying causes, changing negative thought patterns, and developing healthier coping mechanisms. It is highly effective for issues like anxiety, depression, and long-term stress.
650 10 - SUBJECT ADDED ENTRY--TOPICAL TERM
Topical term or geographic name entry element Psychotherapy
Form subdivision Juvenile literature
Topical term or geographic name entry element Therapeutics
Form subdivision Juvenile literature.
Topical term or geographic name entry element Mental health
Form subdivision Juvenile literature.
Topical term or geographic name entry element Child psychotherapy
Form subdivision Juvenile literature.
830 #0 - SERIES ADDED ENTRY--UNIFORM TITLE
Uniform title a kids book about
942 ## - ADDED ENTRY ELEMENTS (KOHA)
Source of classification or shelving scheme Dewey Decimal Classification
Koha item type Book
Holdings
Withdrawn Not for loan Current library Shelving location Date acquired Total Checkouts Full call number Barcode Date last seen Koha item type
    Perpustakaan Alor Setar Pinjaman Kanak-kanak 26/04/2026   K 616.8914 BRE A01915154 26/04/2026 Book
    Perpustakaan Awam Sungai Petani Pinjaman Kanak-kanak 26/04/2026   K 616.8914 BRE A01915155 26/04/2026 Book
    Perpustakaan Jitra Pinjaman Kanak-kanak 26/04/2026   K 616.8914 BRE A01915156 26/04/2026 Book
    Perpustakaan Kulim Pinjaman Kanak-kanak 26/04/2026   K 616.8914 BRE A01915158 26/04/2026 Book
    Perpustakaan Langkawi Pinjaman Kanak-kanak 26/04/2026   K 616.8914 BRE A01915157 26/04/2026 Book